[Event "PRO League Group Stage"]
[Site "chess.com INT"]
[Date "2019.03.06"]
[Round "9"]
[White "Ramirez, Alejandro"]
[Black "Wang, Tianqi"]
[Result "0-1"]
[WhiteTitle "GM"]
[WhiteElo "2567"]
[BlackElo "2329"]
[WhiteTeam "Saint Louis Arch Bishops"]
[BlackTeam "Miami Champions"]
[WhiteFideId "6500617"]
[BlackFideId "2063824"]
[EventDate "2019.01.08"]

1. Nf3 Nf6 2. b3 c5 3. Bb2 e6 4. c4 b6 5. g3 Bb7 6. Bg2 d6 7. O-O Be7 8. e3 O-O
9. Qc2 Qc7 10. Nc3 a6 11. Rfd1 Nbd7 12. Rac1 Rac8 13. d4 cxd4 14. exd4 Rfe8 15.
Qb1 Qb8 16. d5 e5 17. Nd2 Bf8 18. Nde4 Ba8 19. Bh3 Rcd8 20. b4 Bb7 21. a4 g6 22.
Qd3 Bg7 23. f3 Qc7 24. Ba3 Bc8 25. Qe2 Nxe4 26. Nxe4 f5 27. Nf2 Qb8 28. Qc2 Nf6
29. Bg2 Kh8 30. Rb1 Qc7 31. Qb3 e4 32. Re1 exf3 33. Bxf3 Nd7 34. Nd3 Ne5 35.
Nxe5 dxe5 36. c5 bxc5 37. bxc5 e4 38. d6 Qc6 39. Bg2 Be6 40. Qb4 h5 41. Bb2 Rd7
42. Bxg7+ Rxg7 43. Qd4 Rc8 44. Rec1 Kh7 45. a5 Rb7 46. Rb6 Rxb6 47. axb6 a5 48.
Bf1 a4 0-1

[Event "PRO League Group Stage"]
[Site "chess.com INT"]
[Date "2019.03.07"]
[Round "9"]
[White "Ashwin, Jayaram"]
[Black "Postny, Evgeny"]
[Result "1/2-1/2"]
[WhiteTitle "GM"]
[BlackTitle "GM"]
[WhiteElo "2500"]
[BlackElo "2623"]
[WhiteTeam "Webster Windmills"]
[BlackTeam "Pittsburgh Pawngrabbers"]
[WhiteFideId "5018137"]
[BlackFideId "2804344"]
[EventDate "2019.01.08"]

1. d4 d5 2. c4 c6 3. Nc3 Nf6 4. e3 a6 5. Nf3 b5 6. b3 Bg4 7. Bd2 e6 8. h3 Bxf3
9. Qxf3 Bb4 10. Rc1 Bxc3 11. Bxc3 Ne4 12. cxd5 exd5 13. Bb4 c5 14. Bd3 Nc6 15.
Bxc5 Qa5+ 16. b4 Qa3 17. Qd1 Nxc5 18. bxc5 Nb4 19. Be2 Nxa2 20. Ra1 b4 21. O-O
b3 22. Qb1 O-O 23. Bd1 Nc3 24. Qxh7+ Kxh7 25. Rxa3 Nb1 26. Rxb3 Nd2 27. Bc2+ g6
28. Ra1 Nxb3 29. Bxb3 Rfd8 30. Ra5 Kg7 31. c6 Rd6 32. Bxd5 Rb8 33. Bf3 Ra8 34.
g4 Kf6 35. Kg2 Ke7 36. d5 g5 37. Be2 Rdd8 38. e4 Kd6 39. Kf3 Rh8 40. Kg3 Rhb8
41. Rxa6 Rxa6 42. Bxa6 Rb3+ 43. f3 f6 44. Bc8 Rc3 45. Be6 Ra3 46. Bc8 Rc3 47.
Ba6 Ra3 48. Be2 Ra2 49. Bd1 Ra1 50. Be2 Ra2 51. Bc4 Rc2 52. Bf1 Rc1 53. Kf2 Rc2+
54. Be2 Ra2 55. Ke3 Ra3+ 56. Bd3 Rb3 57. Kd4 Rb4+ 58. Ke3 Rb3 59. Kd4 Rb4+ 60.
Kc3 Ra4 61. Kb3 Ra1 62. Kc3 Ra3+ 63. Kd2 Ra2+ 64. Ke3 Ra3 65. Kd2 Ra2+ 66. Kc3
Rf2 67. Kd4 Rxf3 68. Ba6 Rxh3 69. Bc8 Ra3 70. Kc4 Ra4+ 71. Kd3 Rb4 72. Bf5 Ra4
73. Kc3 Ra1 74. Kb4 Rc1 75. Kb5 Rb1+ 76. Ka6 Kc7 77. Ka5 Rb2 78. Ka4 Kd6 79. Ka3
Rb8 80. Ka4 Kc7 81. Ka3 Kd6 82. Ka4 1/2-1/2

[Event "PRO League Group Stage"]
[Site "chess.com INT"]
[Date "2019.03.07"]
[Round "9"]
[White "Durarbayli, Vasif"]
[Black "Liang, Awonder"]
[Result "1-0"]
[WhiteTitle "GM"]
[BlackTitle "GM"]
[WhiteElo "2620"]
[BlackElo "2589"]
[WhiteTeam "Webster Windmills"]
[BlackTeam "Pittsburgh Pawngrabbers"]
[WhiteFideId "13402935"]
[BlackFideId "2056437"]
[EventDate "2019.01.08"]

1. e4 e5 2. Nf3 Nc6 3. Bb5 a6 4. Ba4 Nf6 5. d3 d6 6. c3 Be7 7. Nbd2 O-O 8. Nf1
b5 9. Bc2 d5 10. exd5 Nxd5 11. Ng3 Kh8 12. O-O f5 13. Re1 Bd6 14. Bb3 Be6 15.
Ng5 Bg8 16. Nxh7 Nxc3 17. bxc3 Bxh7 18. Bd5 Qd7 19. Qf3 e4 20. dxe4 fxe4 21. Qh5
Bxg3 22. hxg3 Rf5 23. Bxc6 Qxc6 24. Qg4 Qxc3 25. Be3 Qe5 26. Rac1 Qe7 27. Rc6
Rf6 28. Bg5 Qb4 29. Bxf6 Qxe1+ 30. Kh2 Rg8 31. Rxc7 gxf6 32. Qh4 1-0

[Event "PRO League Group Stage"]
[Site "chess.com INT"]
[Date "2019.03.07"]
[Round "9"]
[White "Balakrishnan, Praveen"]
[Black "Grabinsky, Aaron"]
[Result "0-1"]
[WhiteTitle "IM"]
[WhiteElo "2418"]
[BlackElo "2350"]
[WhiteTeam "Pittsburgh Pawngrabbers"]
[BlackTeam "Webster Windmills"]
[WhiteFideId "2064871"]
[BlackFideId "2087090"]
[EventDate "2019.01.08"]

1. e4 e6 2. d4 d5 3. Nd2 dxe4 4. Nxe4 Nd7 5. Nf3 Ngf6 6. Bd3 c5 7. O-O cxd4 8.
Nxd4 Be7 9. c3 O-O 10. Re1 a6 11. Qe2 Qc7 12. Bg5 Nd5 13. Bxe7 Nxe7 14. Rad1 Ng6
15. Ng5 Nf6 16. Qf3 Bd7 17. Bb1 Rad8 18. Ne4 Nd5 19. Qg3 Qb6 20. Rd2 Ndf4 21.
Ng5 e5 22. Bxg6 Qxg6 23. Ndf3 f6 24. Ne4 Bg4 25. Kf1 Nh5 26. Qh4 Bxf3 27. gxf3
Rxd2 28. Nxd2 Qd3+ 0-1

[Event "PRO League Group Stage"]
[Site "chess.com INT"]
[Date "2019.03.07"]
[Round "9"]
[White "Heimann, Alexander"]
[Black "Escalante Ramirez, Brian Sebasti"]
[Result "1-0"]
[BlackTitle "IM"]
[WhiteElo "2271"]
[BlackElo "2446"]
[WhiteTeam "Pittsburgh Pawngrabbers"]
[BlackTeam "Webster Windmills"]
[WhiteFideId "2006073"]
[BlackFideId "3819566"]
[EventDate "2019.01.08"]

1. Nf3 Nf6 2. c4 g6 3. b4 Bg7 4. Bb2 O-O 5. g3 d6 6. Bg2 e5 7. O-O Re8 8. d3 c6
9. Nc3 Bf5 10. Nd2 Nbd7 11. Nde4 Qc7 12. Rc1 Rad8 13. Qb3 Qb8 14. a4 Nxe4 15.
dxe4 Be6 16. Rfd1 b5 17. axb5 cxb5 18. Nd5 bxc4 19. Qxc4 Nb6 20. Qa6 Nxd5 21.
exd5 Bc8 22. Qa5 Be6 23. dxe6 1-0

[Event "PRO League Group Stage"]
[Site "chess.com INT"]
[Date "2019.03.07"]
[Round "9"]
[White "Barbosa, Oliver"]
[Black "Saric, Ivan"]
[Result "1/2-1/2"]
[WhiteTitle "GM"]
[BlackTitle "GM"]
[WhiteElo "2552"]
[BlackElo "2690"]
[WhiteTeam "Montclair Sopranos"]
[BlackTeam "Montreal Chessbrahs"]
[WhiteFideId "5201640"]
[BlackFideId "14508150"]
[EventDate "2019.01.08"]

1. d4 Nf6 2. Bg5 d5 3. Bxf6 gxf6 4. c4 c5 5. cxd5 Qxd5 6. Nf3 cxd4 7. Nc3 Qd6 8.
Nxd4 Bd7 9. g3 Nc6 10. Ndb5 Qxd1+ 11. Rxd1 O-O-O 12. Bg2 a6 13. Nd4 Nxd4 14.
Rxd4 e5 15. Rd3 Bb4 16. O-O Bxc3 17. Rxc3+ Kb8 18. f4 Be6 19. Re3 Rd2 20. b4
Rxa2 21. fxe5 fxe5 22. Rxe5 Rb2 23. Rf4 Rc8 24. Ree4 Rcc2 25. Bf3 b5 26. Bg4
Bxg4 27. Rxg4 Rxe2 28. Rxe2 Rxe2 29. Rg7 a5 30. Rg5 a4 31. Rxb5+ Kc7 32. Ra5 Ra2
33. Ra6 h5 34. h4 a3 35. b5 f5 36. Rc6+ Kb7 37. Ra6 Kc7 38. Rc6+ Kb8 39. Ra6 Kb7
40. Kh1 1/2-1/2

[Event "PRO League Group Stage"]
[Site "chess.com INT"]
[Date "2019.03.07"]
[Round "9"]
[White "Thavandiran, Shiyam"]
[Black "Checa, Nicolas"]
[Result "1-0"]
[WhiteTitle "IM"]
[BlackTitle "IM"]
[WhiteElo "2410"]
[BlackElo "2508"]
[WhiteTeam "Montreal Chessbrahs"]
[BlackTeam "Montclair Sopranos"]
[WhiteFideId "2605058"]
[BlackFideId "2069342"]
[EventDate "2019.01.08"]

1. e4 e6 2. d4 d5 3. Nc3 Bb4 4. a3 Bxc3+ 5. bxc3 dxe4 6. Qg4 Nf6 7. Qxg7 Rg8 8.
Qh6 Rg6 9. Qe3 Nc6 10. Ne2 Ne7 11. Ng3 Ned5 12. Qd2 b6 13. c4 Ne7 14. Bb2 Bb7
15. h4 Qd6 16. h5 Rg4 17. Qe3 O-O-O 18. Be2 Rgg8 19. O-O-O Kb8 20. Rh4 Rge8 21.
Qf4 Neg8 22. Qe5 Qe7 23. Rf4 Rd6 24. d5 Nd7 25. Qg7 f5 26. Qxe7 Rxe7 27. dxe6
Rxd1+ 28. Kxd1 Rxe6 29. Nxf5 Ngf6 30. g4 Ne5 31. g5 Nfd7 32. Kd2 Nf3+ 33. Bxf3
exf3 34. Ne3 Nc5 35. Rf8+ Bc8 36. g6 hxg6 37. h6 Re7 38. Bg7 Ne4+ 39. Ke1 Ng5
40. Bf6 Rf7 41. Rxf7 Nxf7 42. h7 Be6 43. Kd2 c5 44. Nd5 Kb7 45. Kc3 g5 46. h8=Q
Nxh8 47. Bxh8 g4 48. Be5 Kc6 49. Ne3 b5 50. cxb5+ Kxb5 51. Bb8 a6 52. Bg3 Ka4
53. Kb2 Kb5 54. Bd6 Kc6 55. Bf4 Kb5 56. Bg3 Kc6 57. c4 Kb6 58. Kb3 Kc6 59. Kc3
Kb6 60. Nd5+ Kc6 61. Nf4 Bf7 62. Nd3 Be6 63. Bh4 Bf5 64. Ne5+ Kd6 65. Bg3 Ke7
66. Kd2 Be6 67. Ke3 Kf6 68. Kf4 Ke7 69. Nxg4 Bxc4 70. Kxf3 Ba2 71. Ke3 Ke6 72.
Kd3 Kd5 73. Ne3+ Kc6 74. f4 Kb5 75. Kc3 Ka4 76. Kb2 Bf7 77. f5 Kb5 78. f6 Kc6
79. Kc3 Kb5 80. Ng4 Ka4 81. Ne5 Be6 82. Kb2 c4 83. Be1 Kb5 84. f7 Bxf7 85. Nxf7
Ka4 86. Nd6 c3+ 87. Bxc3 a5 88. Ne4 Kb5 89. Kb3 1-0

[Event "PRO League Group Stage"]
[Site "chess.com INT"]
[Date "2019.03.07"]
[Round "9"]
[White "Sai, Krishna G V"]
[Black "Bartell, Thomas"]
[Result "0-1"]
[WhiteTitle "IM"]
[BlackTitle "IM"]
[WhiteElo "2409"]
[BlackElo "2353"]
[WhiteTeam "Montreal Chessbrahs"]
[BlackTeam "Montclair Sopranos"]
[WhiteFideId "5028280"]
[BlackFideId "2017849"]
[EventDate "2019.01.08"]

1. e4 c6 2. Nc3 d5 3. Nf3 dxe4 4. Nxe4 Nf6 5. Nxf6+ exf6 6. d4 Bd6 7. Be2 O-O 8.
O-O Bg4 9. h3 Bh5 10. Nh4 Bxe2 11. Qxe2 Re8 12. Qg4 Bf8 13. b3 g6 14. Bb2 Bg7
15. Rfe1 Nd7 16. Qg3 f5 17. Nf3 Qa5 18. Ne5 Nxe5 19. dxe5 Rad8 20. Re2 Rd7 21.
a4 Qd8 22. Rae1 Rd1 23. Qe3 Rd5 24. Qg3 Re6 25. h4 h5 26. Qe3 b6 27. g3 Kh7 28.
Qf3 Bh6 29. Bc1 Bg7 30. Bg5 Qd7 31. Bf6 Bh6 32. Bg5 Bxg5 33. hxg5 Qd8 34. Qf4
Rd4 35. Qc1 h4 36. c3 Rg4 37. Rd1 Qe7 38. Kg2 hxg3 39. Rh1+ Kg7 40. f4 Qd8 41.
Rd2 Qa8 42. c4 Rxf4 43. Rd7 c5+ 44. Kh3 Qf3 45. Qd1 Qe4 46. Rxf7+ Kxf7 47. Qd7+
Re7 48. e6+ Qxe6 49. Qxe6+ Rxe6 50. Kxg3 Rg4+ 51. Kf3 Kg7 52. Rd1 Re7 53. Rd8
Rxg5 0-1

[Event "PRO League Group Stage"]
[Site "chess.com INT"]
[Date "2019.03.07"]
[Round "9"]
[White "Postny, Evgeny"]
[Black "Durarbayli, Vasif"]
[Result "1/2-1/2"]
[WhiteTitle "GM"]
[BlackTitle "GM"]
[WhiteElo "2623"]
[BlackElo "2620"]
[WhiteTeam "Pittsburgh Pawngrabbers"]
[BlackTeam "Webster Windmills"]
[WhiteFideId "2804344"]
[BlackFideId "13402935"]
[EventDate "2019.01.08"]

1. d4 Nf6 2. c4 e6 3. Nf3 b6 4. g3 Bb7 5. Bg2 Bb4+ 6. Bd2 Bxd2+ 7. Qxd2 O-O 8.
O-O d6 9. Nc3 Ne4 10. Nxe4 Bxe4 11. Qf4 Bb7 12. e4 Nd7 13. Rfe1 Qf6 14. Qd2 e5
15. b3 Rfe8 16. dxe5 Nxe5 17. Nd4 Rad8 18. Rad1 a6 19. h3 g6 20. Re3 c5 21. Nc2
b5 22. f4 Nc6 23. Rd3 Qb2 24. Qc3 Qxa2 25. Ra1 b4 26. Rxa2 bxc3 27. Rxc3 Nb8 28.
Re3 Re7 29. Na3 Rde8 30. Rd2 Nc6 31. Rxd6 Nd4 32. Kf2 Bxe4 33. Bxe4 Rxe4 34.
Rxe4 Rxe4 35. Rxa6 Re2+ 36. Kf1 Re3 37. Nb5 Nxb3 38. Kf2 Rd3 39. Rd6 Rxd6 40.
Nxd6 Kf8 41. Ke3 Ke7 42. Ne4 f5 43. Ng5 Na5 44. Kd3 h6 45. Nf3 Nc6 46. Ke3 Ke6
47. Kd3 Kf6 48. Ke3 g5 49. fxg5+ hxg5 50. h4 g4 51. Nd2 Nd4 52. Nb1 Ke5 53. Nc3
Nc2+ 54. Kd2 Nd4 55. Ne2 Nxe2 56. Kxe2 f4 57. gxf4+ Kxf4 58. Kf2 g3+ 59. Kg2 Kg4
60. h5 Kxh5 61. Kxg3 Kg5 62. Kf3 Kf5 63. Ke3 Ke5 64. Kd3 Kf4 65. Kd2 Ke4 66. Ke2
Ke5 67. Ke3 Kf5 68. Kf3 Ke5 69. Ke3 Kf5 70. Kf3 Ke5 71. Ke3 1/2-1/2

[Event "PRO League Group Stage"]
[Site "chess.com INT"]
[Date "2019.03.07"]
[Round "9"]
[White "Liang, Awonder"]
[Black "Ashwin, Jayaram"]
[Result "1-0"]
[WhiteTitle "GM"]
[BlackTitle "GM"]
[WhiteElo "2589"]
[BlackElo "2500"]
[WhiteTeam "Pittsburgh Pawngrabbers"]
[BlackTeam "Webster Windmills"]
[WhiteFideId "2056437"]
[BlackFideId "5018137"]
[EventDate "2019.01.08"]

1. e4 Nf6 2. Nc3 d5 3. exd5 Nxd5 4. Nf3 Bg4 5. h3 Bh5 6. d4 e6 7. g4 Bg6 8. Bg2
Nb4 9. O-O Bxc2 10. Qd2 Bg6 11. Ne5 c6 12. f4 Nd7 13. a3 Nxe5 14. axb4 Nc4 15.
Qf2 Be7 16. f5 exf5 17. gxf5 Bh5 18. Kh1 O-O 19. Ne4 Nd6 20. Ng3 Bh4 21. Qf4
Bxg3 22. Qxg3 Kh8 23. f6 gxf6 24. b3 Rg8 25. Qf4 Rg6 26. Bb2 Kg7 27. Qh4 Be2 28.
Rf2 Bd3 29. Rd1 Nf5 30. Qf4 Ng3+ 31. Kh2 Be2 32. Re1 Bb5 33. Re3 Nh5 34. Qh4
Qd6+ 35. Kg1 Ng3 36. d5 Kg8 37. Rxf6 Ne2+ 38. Rxe2 Qc7 39. Rxg6+ fxg6 40. Qf6 1-0

[Event "PRO League Group Stage"]
[Site "chess.com INT"]
[Date "2019.03.07"]
[Round "9"]
[White "Escalante Ramirez, Brian Sebasti"]
[Black "Balakrishnan, Praveen"]
[Result "1/2-1/2"]
[WhiteTitle "IM"]
[BlackTitle "IM"]
[WhiteElo "2446"]
[BlackElo "2418"]
[WhiteTeam "Webster Windmills"]
[BlackTeam "Pittsburgh Pawngrabbers"]
[WhiteFideId "3819566"]
[BlackFideId "2064871"]
[EventDate "2019.01.08"]

1. e4 e5 2. Nf3 Nc6 3. d4 exd4 4. Nxd4 Bc5 5. Nb3 Bb6 6. Nc3 Nf6 7. Bg5 h6 8.
Bh4 d6 9. f3 g5 10. Bf2 Bxf2+ 11. Kxf2 Qe7 12. Bb5 Bd7 13. Nd4 Qe5 14. Bxc6 bxc6
15. Qd2 c5 16. Nde2 g4 17. Nd5 gxf3 18. gxf3 O-O-O 19. Qf4 Nxd5 20. Qxe5 dxe5
21. exd5 Bf5 22. c4 Bd3 23. b3 Bxe2 24. Kxe2 c6 25. dxc6 Kc7 26. Rhg1 Rhg8 27.
Rg3 Rg6 28. Rag1 Rdg8 29. Ke3 Kxc6 30. Ke4 Kd6 31. Kf5 Rxg3 32. Rxg3 Re8 33. Rg7
e4 34. fxe4 Re5+ 35. Kf4 Rh5 36. Kg3 Ke6 37. h4 Re5 38. Kf4 Rh5 39. Kg3 Re5 40.
Rh7 Rxe4 41. Rxh6+ f6 42. Rh7 Re3+ 43. Kf4 Rh3 44. Kg4 Rh1 45. Rxa7 f5+ 46. Kg5
Rg1+ 47. Kh6 f4 48. Ra8 Ke7 49. Ra7+ Kf6 50. Ra8 Ke7 51. Ra7+ Kf6 1/2-1/2

[Event "PRO League Group Stage"]
[Site "chess.com INT"]
[Date "2019.03.07"]
[Round "9"]
[White "Grabinsky, Aaron"]
[Black "Heimann, Alexander"]
[Result "1/2-1/2"]
[WhiteElo "2350"]
[BlackElo "2271"]
[WhiteTeam "Webster Windmills"]
[BlackTeam "Pittsburgh Pawngrabbers"]
[WhiteFideId "2087090"]
[BlackFideId "2006073"]
[EventDate "2019.01.08"]

1. e4 Nf6 2. Nc3 d5 3. exd5 Nxd5 4. g3 c6 5. Bg2 Bf5 6. Nge2 e6 7. O-O Be7 8. d3
O-O 9. Re1 Nd7 10. a3 N7f6 11. h3 Re8 12. Bd2 Qb6 13. Rb1 Rad8 14. Nf4 Bd6 15.
Qf3 Qc7 16. Nfe2 Bg6 17. Bg5 Bh5 18. g4 Bg6 19. Bd2 Bc5 20. Ng3 Nxc3 21. Bxc3
Bd4 22. Bd2 e5 23. h4 e4 24. dxe4 Bxf2+ 25. Qxf2 Rxd2 26. Qxd2 Qxg3 27. Qf2 Qxg4
28. e5 Nd5 29. Kh2 Nf4 30. Rbd1 Nxg2 31. Qxg2 Qxh4+ 32. Kg1 Bh5 33. Re4 Qe7 34.
Rde1 Bg6 35. R4e2 Qc5+ 36. Qf2 Qc4 37. c3 a5 38. Re3 a4 39. Qe2 Qc5 40. Qf2 b5
41. Rd1 h5 42. Rde1 Re6 43. Qf4 Kh7 44. Kh2 Qd5 45. Rg1 f6 46. Rge1 Qd2+ 47.
R1e2 Qc1 48. Qg3 Qb1 49. Rf2 Qc1 50. Ree2 fxe5 51. Rxe5 Rxe5 52. Qxe5 Qd1 53.
Qf4 Qe1 54. Qf3 Qe5+ 55. Qg3 Qxg3+ 56. Kxg3 Be4 57. Re2 Bd5 58. Kh4 Kh6 59. Re5
g6 60. Rg5 Kg7 61. Rg1 Kf6 62. Rf1+ Ke5 63. Kg5 Be4 64. Rf8 Kd5 65. Rd8+ Kc5 66.
Rd4 Bf5 67. Kf6 Kb6 68. Ke5 Bh3 69. Kf6 Bf5 70. Ke5 Kc5 71. Rf4 Bc2 1/2-1/2

[Event "PRO League Group Stage"]
[Site "chess.com INT"]
[Date "2019.03.07"]
[Round "9"]
[White "Jacobson, Brandon"]
[Black "Naroditsky, Daniel"]
[Result "1/2-1/2"]
[WhiteTitle "IM"]
[BlackTitle "GM"]
[WhiteElo "2404"]
[BlackElo "2616"]
[WhiteTeam "Minnesota Blizzard"]
[BlackTeam "San Francisco Mechanics"]
[WhiteFideId "30901561"]
[BlackFideId "2026961"]
[EventDate "2019.01.08"]

1. d4 Nf6 2. c4 g6 3. Nc3 Bg7 4. e4 d6 5. Nf3 O-O 6. Be2 c5 7. O-O Re8 8. Be3
Ng4 9. Bg5 h6 10. Bc1 cxd4 11. Nxd4 Nf6 12. Be3 Nc6 13. Qd2 Kh7 14. Rad1 Bd7 15.
f4 Nxd4 16. Bxd4 Bc6 17. e5 Ne4 18. Nxe4 Bxe4 19. exd6 Qxd6 20. Qe3 Qe6 21. Bxg7
Kxg7 22. Bf3 Bf5 23. Qd4+ Qf6 24. Qxf6+ Kxf6 25. b3 Rab8 26. g4 Be6 27. Rd4 b6
28. Rfd1 Rec8 29. a4 a6 30. R1d3 Rc5 31. h3 h5 32. Kf2 hxg4 33. hxg4 Kg7 34. Kg3
Kf6 35. Rd8 Rxd8 36. Rxd8 b5 37. cxb5 axb5 38. a5 b4 39. a6 Ra5 40. Bb7 Bxb3 41.
Rd4 Ra4 42. Bc8 g5 43. fxg5+ Kxg5 44. Rf4 Ra3 45. Rf5+ Kg6 46. Kh4 Bc2 47. Rc5
b3 48. Rc6+ e6 49. Rb6 Ra2 50. Bb7 Kf6 51. Rb5 Ke7 52. Kg5 f6+ 53. Kh6 Kd6 54.
Kg7 f5 55. gxf5 exf5 56. Kf6 f4 57. Kg5 f3 58. Bxf3 Rxa6 59. Bd5 Ra3 60. Kf4
Ra4+ 61. Ke3 Ra3 62. Kd4 Ra4+ 63. Kc3 Rh4 64. Bxb3 Be4 65. Bc4 Bc6 66. Rg5 Kc7 1/2-1/2

[Event "PRO League Group Stage"]
[Site "chess.com INT"]
[Date "2019.03.07"]
[Round "9"]
[White "Mitkov, Nikola"]
[Black "Zierk, Steven"]
[Result "1/2-1/2"]
[WhiteTitle "GM"]
[BlackTitle "GM"]
[WhiteElo "2477"]
[BlackElo "2510"]
[WhiteTeam "Minnesota Blizzard"]
[BlackTeam "San Francisco Mechanics"]
[WhiteFideId "15000290"]
[BlackFideId "2034255"]
[EventDate "2019.01.08"]

1. e4 e6 2. d4 d5 3. Nc3 Bb4 4. Ne2 dxe4 5. a3 Bxc3+ 6. Nxc3 Nc6 7. d5 exd5 8.
Qxd5 Be6 9. Qxe4 Nf6 10. Qh4 Nd4 11. Bd3 Bf5 12. Bxf5 Qe7+ 13. Be3 Nxf5 14. Qa4+
Qd7 15. Qxd7+ Nxd7 16. Bf4 O-O-O 17. O-O-O Nc5 18. g4 Nd4 19. Bxc7 Ndb3+ 20.
cxb3 Kxc7 21. Kc2 Ne6 22. b4 Kc6 23. b5+ Kc5 24. Ne4+ Kb6 25. Nd6 Kc7 26. Nxf7
Rxd1 27. Rxd1 Rf8 28. Ne5 Rxf2+ 29. Kc3 Nc5 30. h4 Re2 31. Nc4 Re4 32. Rd4 Na4+
33. Kd3 Nc5+ 34. Kc3 Na4+ 35. Kd3 Nc5+ 36. Kc3 Na4+ 37. Kd3 1/2-1/2

[Event "PRO League Group Stage"]
[Site "chess.com INT"]
[Date "2019.03.07"]
[Round "9"]
[White "Macieja, Bartlomiej"]
[Black "Beerdsen, Thomas"]
[Result "1-0"]
[WhiteTitle "GM"]
[BlackTitle "IM"]
[WhiteElo "2509"]
[BlackElo "2484"]
[WhiteTeam "San Francisco Mechanics"]
[BlackTeam "Minnesota Blizzard"]
[WhiteFideId "1104306"]
[BlackFideId "1030108"]
[EventDate "2019.01.08"]

1. Nf3 Nc6 2. d4 d5 3. Bf4 Bg4 4. e3 e6 5. c4 Nf6 6. Nc3 a6 7. a3 Bd6 8. Bg3 O-O
9. Rc1 Re8 10. cxd5 exd5 11. Be2 Bxg3 12. hxg3 Qd6 13. Qb3 b5 14. Qc2 Ne7 15.
Ne5 Bf5 16. Bd3 Bxd3 17. Nxd3 Rac8 18. Ne2 c6 19. Nc5 a5 20. a4 Ng6 21. Qf5 bxa4
22. Nc3 Rb8 23. N3xa4 Rb4 24. O-O h5 25. Rc2 h4 26. gxh4 Nxh4 27. Qg5 Ng6 28.
Ra1 Kh7 29. Nd3 Rb3 30. Nac5 Rb5 31. g3 Rh8 32. Kg2 Kg8 33. Rh1 Rxh1 34. Kxh1
Qb8 35. Qf5 Qe8 36. Kg2 Ne7 37. Qe5 Qd8 38. Nf4 Nc8 39. Ncd3 Ne7 40. Rc1 Nd7 41.
Qg5 Nf8 42. Rh1 Qd6 43. Qh5 Neg6 44. Nxg6 Nxg6 45. Qf5 Qe6 46. Qxe6 fxe6 47. Rc1
Ne7 48. Kf3 Kf8 49. Rc2 Ke8 50. g4 Kd7 51. Kf4 Kd6 52. Kg5 Rb8 53. Nc5 Rb5 54.
b3 e5 55. f4 exd4 56. exd4 Rb4 57. Rd2 Rb8 58. Re2 Re8 59. Re6+ Kc7 60. f5 Kd8
61. Kf4 Rh8 62. Rd6+ Ke8 63. Rd7 Rh1 64. Ra7 Nc8 65. Rxa5 Nd6 66. Ra8+ Ke7 67.
Ra7+ Ke8 68. Rxg7 Nf7 69. Rg8+ Ke7 70. g5 Rf1+ 71. Ke3 Rxf5 72. g6 Nd6 73. Ra8
Rg5 74. Ra7+ Kf6 75. Nd7+ Kf5 76. Ne5 Rg3+ 77. Ke2 c5 78. dxc5 Ne4 79. c6 Kxe5
80. c7 Rg2+ 81. Kf1 Rc2 82. g7 Nf6 83. b4 d4 84. b5 d3 85. Ke1 Ne4 86. Ra1 Rh2
87. Kf1 Rh1+ 88. Kg2 Rxa1 89. c8=Q Ra2+ 90. Kh3 d2 91. Qc7+ Kd4 92. Qd7+ Ke3 93.
g8=Q Ra3 94. Qg1+ Ke2+ 95. Kh4 Rf3 96. Qdg4 Nf2 97. Qh5 Ke3 98. b6 Rh3+ 99. Kg5
Rxh5+ 100. Kxh5 d1=Q+ 101. Qxd1 Nxd1 102. b7 Nc3 103. b8=Q Ne4 104. Kg6 Kd4 105.
Kf5 Nc5 106. Qd6+ Kc4 107. Kf4 Nd3+ 108. Ke4 Nc5+ 109. Ke3 Kb5 110. Kd4 Nb3+
111. Kc3 Nc5 112. Qd5 Kb6 113. Kc4 Nb7 114. Qe6+ Ka5 115. Qc6 1-0

[Event "PRO League Group Stage"]
[Site "chess.com INT"]
[Date "2019.03.07"]
[Round "9"]
[White "Hong, Andrew"]
[Black "Tang, Andrew"]
[Result "1/2-1/2"]
[WhiteTitle "FM"]
[BlackTitle "GM"]
[WhiteElo "2390"]
[BlackElo "2487"]
[WhiteTeam "San Francisco Mechanics"]
[BlackTeam "Minnesota Blizzard"]
[WhiteFideId "2099438"]
[BlackFideId "2059630"]
[EventDate "2019.01.08"]

1. e4 e5 2. Nf3 Nc6 3. Bb5 a6 4. Ba4 Nf6 5. O-O d6 6. Bxc6+ bxc6 7. d4 exd4 8.
Nxd4 c5 9. Nc6 Qd7 10. Na5 Qa4 11. Qe1 Be7 12. f3 O-O 13. Nc3 Qxa5 14. Nd5 Qxe1
15. Nxe7+ Kh8 16. Rxe1 Be6 17. Bg5 Rfe8 18. Bxf6 gxf6 19. Nd5 Bxd5 20. exd5 Re5
21. c4 Rae8 22. Kf2 Kg7 23. b3 a5 24. f4 Rxe1 25. Rxe1 Ra8 26. Re3 a4 27. a3 Rb8
28. bxa4 Rb2+ 29. Re2 Rb3 30. Re3 Rb2+ 31. Re2 Rb3 32. Re3 Rb2+ 33. Re2 1/2-1/2

[Event "PRO League Group Stage"]
[Site "chess.com INT"]
[Date "2019.03.07"]
[Round "9"]
[White "Wheeler, Cameron"]
[Black "Safarli, Eltaj"]
[Result "0-1"]
[WhiteTitle "IM"]
[BlackTitle "GM"]
[WhiteElo "2417"]
[BlackElo "2681"]
[WhiteTeam "Dallas Destiny"]
[BlackTeam "San Jose Hackers"]
[WhiteFideId "2060531"]
[BlackFideId "13402129"]
[EventDate "2019.01.08"]

1. d4 Nf6 2. c4 g6 3. Nc3 d5 4. cxd5 Nxd5 5. e4 Nxc3 6. bxc3 Bg7 7. Nf3 c5 8. h3
O-O 9. Be3 Nd7 10. Bd3 e5 11. O-O exd4 12. cxd4 cxd4 13. Bxd4 Bxd4 14. Nxd4 Qb6
15. Nf3 Nc5 16. Bc2 Be6 17. Qd2 Qd8 18. Qh6 Qf6 19. e5 Qg7 20. Qe3 Rac8 21. Nd4
Bc4 22. Rfe1 Ne6 23. Bb3 b6 24. Nf3 Rfd8 25. Rec1 Bxb3 26. Rxc8 Rxc8 27. axb3
Rc7 28. Rd1 Qf8 29. Rd6 Qc8 30. Kh2 Rc3 31. Qh6 Qc5 32. Qh4 Rxf3 33. gxf3 Qxe5+
34. Qg3 Nf4 35. Rd7 a5 36. h4 h6 37. Rb7 Qd6 38. Qg4 Qf6 39. Rd7 Kg7 40. Rd2 Qe5
41. Qd7 Ne6+ 42. Kg2 Qf6 43. Qd6 Qxh4 44. Qe5+ Kh7 45. Rd7 Nf4+ 46. Kg1 Nh3+ 47.
Kg2 Ng5 48. Qg3 Qb4 49. f4 Qe4+ 50. f3 Qe2+ 51. Qf2 Qe6 52. Rd3 Qf5 53. Qd2 Qh3+
54. Kf2 Ne6 55. Ke3 Qf5 56. Rd7 Qxf4+ 57. Ke2 Qf5 58. Qd6 h5 59. Ke3 h4 60. Qd5
Qf6 61. Qe4 h3 62. Qg4 Qe5+ 63. Kf2 Kg7 64. Qxh3 Qb2+ 65. Kg3 Qxb3 66. Qg4 Qe3
67. Qe4 Qg5+ 68. Kf2 Qf6 69. Qe3 Qb2+ 70. Kg3 Qf6 71. Qxb6 a4 72. Qa6 Qf4+ 73.
Kg2 Qg5+ 74. Kf2 Nc5 75. Qa5 Qh4+ 76. Ke3 Nxd7 0-1

[Event "PRO League Group Stage"]
[Site "chess.com INT"]
[Date "2019.03.07"]
[Round "9"]
[White "Yoo, Christopher Woojin"]
[Black "Gorovets, Andrey"]
[Result "1-0"]
[WhiteTitle "FM"]
[BlackTitle "GM"]
[WhiteElo "2388"]
[BlackElo "2509"]
[WhiteTeam "San Jose Hackers"]
[BlackTeam "Dallas Destiny"]
[WhiteFideId "30909694"]
[BlackFideId "13504037"]
[EventDate "2019.01.08"]

1. e4 d6 2. d4 Nf6 3. Nc3 c6 4. h3 b5 5. Bd3 e5 6. Nf3 Nbd7 7. O-O Bb7 8. Ne2 g6
9. c4 a6 10. Be3 Bg7 11. a4 exd4 12. Nfxd4 c5 13. Nf3 bxc4 14. Bxc4 Nb6 15.
Bxf7+ Kxf7 16. a5 Nxe4 17. axb6 d5 18. Ng3 h6 19. Nxe4 dxe4 20. Nd2 Qd5 21. Ra5
Rac8 22. Nc4 Rhd8 23. Qc1 g5 24. b4 Bf8 25. bxc5 Bxc5 26. Bxc5 Rxc5 27. Ne5+
Qxe5 28. Rxc5 Qe6 29. Rd1 Rxd1+ 30. Qxd1 Qxb6 31. Qd7+ Kg6 32. Qe8+ Kg7 33. Rf5
Qb3 34. Qf8+ Kg6 35. Rf6+ 1-0